000 00476nam a2200169Ia 4500
001 22318
005 20260414150823.0
008 260414t2013||||xx |||||||||||||| ||spa||
041 _aESP
082 _a621.317
_bB72
100 _aBolton, William
_eAUT
245 0 _aMecatrónica :
_bsistemas de control electrónico en la ingeniería mecánica y eléctrica. Un enfoque multidisciplinario
260 _c2013
650 _aTCA
654 _aCET
942 _cLIB
_dJUS
_fJUS
_2ddc
_n
999 _c22318
_d22318